| 000 | 00665nam a22002292 4500 | ||
|---|---|---|---|
| 001 | 0000019758 | ||
| 005 | 20151217152201.0 | ||
| 008 | 110204s xx 000 0 eng d | ||
| 020 | _c$ | ||
| 040 |
_aKABU _cKABU |
||
| 100 | 1 |
_aSugden, Howard F. _@0000179705 |
|
| 245 | 1 | 0 |
_aConfident pastoral leadership / _cHoward F. Sugden and Warren W. Wiersbe. |
| 250 | _a2nd ed. | ||
| 260 |
_aGrand Rapids, Michigan : _bBaker, _c1993. |
||
| 300 |
_a188 p. ; _c cm. |
||
| 500 | _aPersonal book (Pr. Kiutta) | ||
| 650 | 0 |
_aPastoral theology. _@0000149539 |
|
| 700 | 1 |
_aWiersbe, Warren W. _@0000149036 |
|
| 908 | _a110204 | ||
| 950 | _@1 | ||
| 999 |
_c9068 _d9068 |
||